| 000 | 01150nam a2200301 i 4500 | ||
|---|---|---|---|
| 001 | 22509 | ||
| 003 | BD-RjUL | ||
| 005 | 20211209000820.0 | ||
| 008 | 140308r19511925ctucf 000 0beng | ||
| 020 | _a0313205817 | ||
| 035 | _a(BD-RjUL)22574 | ||
| 040 |
_aDLC _cDLC _dBD-RjUL _beng |
||
| 041 | _aeng | ||
| 082 | 0 | 0 |
_a821.7 _bMUK 1951 |
| 100 | 1 |
_aMurry, John Middleton, _d1889-1957. _qJohn Middleton Murry. _969509 |
|
| 245 | 1 | 0 |
_aKeats and Shakespeare : _ba study of Keats' poetic life from 1816 to 1820 / _cby John Middleton Murry. |
| 260 |
_aWestport, Conn. : _bGreenwood Press, _c1951. |
||
| 300 |
_a248 p., [1] leaf of plates : _bport. ; _c23 cm. |
||
| 500 | _aReprint of the ed. published by Oxford University Press, London, 1925. | ||
| 600 | 1 | 0 |
_aKeats, John, _d1795-1821 _xKnowledge _xLiterature. _969510 |
| 600 | 1 | 0 |
_aShakespeare, William, _d1564-1616 _xInfluence. _969514 |
| 650 | 0 |
_aPoets, English _y19th century _vBiography. _955518 |
|
| 650 | 0 |
_aInfluence (Literary, artistic, etc.) _969512 |
|
| 651 | 0 |
_aEngland _xIntellectual life _y19th century. _952303 |
|
| 942 |
_2ddc _cBK _01 |
||
| 999 |
_c22509 _d22509 |
||